000 00744nmm a2200241 a 4500
003 AR-BaBNM
005 20251128203700.0
008 157019s1978 ||||||||||||||000 | spa||
040 _cAR-BaBNM
100 1 _aZannoni, Eduardo A.
245 1 0 _aLa adopción y su nuevo régimen legal
260 _aBuenos Aires
_bAstrea
_c1978
300 0 _a241 p.
500 0 _aIndice p. 11-16
500 1 _aContiene apéndice: ley 19.134, amnistía dispuesta por ley 19.216, asignación familiar por adopción y familia numerosa ley 19.217
650 4 _aDERECHO DE FAMILIA
650 4 _aADOPCION
650 4 _aLEGISLACION ARGENTINA
700 1 _aOrquín, Leopoldo M.
700 1 _aFassi, Santiago C.
_eprologuista
942 _cBK
998 _cAndrea
999 _c4471
_d4471